000 00485nam a2200181Ia 4500
005 20250508151741.0
008 008 250505s9999 xx 000 0 hin d
037 _aTextual
040 _aFEDL
_beng
_cFEDL
041 _ahin
_2eng
084 _a891.43, SIN
_qFEDL
100 _aSinhal Damyanti
_9759889
245 0 _aHindi gadya vibhuti
260 _aDelhi, India
_bPradeep Prakashan
300 _a228p.
942 _cTEXL
_h891.43, SIN
999 _c1331911
_d1331911